Normal view
MARC view
- الفنادق-المطاعم-السلامه-منع الحوادث
Entry Topical Term
001 - CONTROL NUMBER
- control field: 8138
003 - CONTROL NUMBER IDENTIFIER
- control field: JO-AjAnu
005 - DATE AND TIME OF LATEST TRANSACTION
- control field: 20230606071619.0
008 - FIXED-LENGTH DATA ELEMENTS
- fixed length control field: 230606|| aca||aabn | a|a d
040 ## - CATALOGING SOURCE
- Original cataloging agency: JO-AjAnu
- Transcribing agency: JO-AjAnu
150 ## - HEADING--TOPICAL TERM
- Topical term or geographic name entry element: الفنادق-المطاعم-السلامه-منع الحوادث
670 ## - SOURCE DATA FOUND
- Source citation: Work cat.: (JO-AjAnu)4204: السبول، خالد وليد, author 8137, المرشد في الامن والسلامة الفدقية (مدخل نظري وتطبيقي )